| 000 | 00725nam a22002177a 4500 | ||
|---|---|---|---|
| 005 | 2010081407187.0 | ||
| 010 | _aENG-100223 | ||
| 020 | _c150.00 | ||
| 035 | _aEN-83755 | ||
| 037 | _bDBAD/PUB | ||
| 082 | _a597.6 | ||
| 100 |
_aTikader, B.K. _913029 |
||
| 245 |
_aThreatened animals of India / _cby B. K. Tikader |
||
| 260 |
_aCalcutta _bDirector Zoological Survey of India _c1983 |
||
| 270 |
_bCalcutta _e700012 |
||
| 300 |
_a307p.: _bill. _c22 (Hb) |
||
| 650 |
_aEndangered Species _913030 |
||
| 650 |
_aRare Animals _913031 |
||
| 942 |
_2ddc _cEN _h597.6 _mTIK |
||
| 999 |
_c41780 _d41780 |
||